[Event "Odisha-ch 60th"]
[Site "Balasore"]
[Date "2019.10.01"]
[Round "1"]
[White "Pradhan, Himansu"]
[Black "Rakesh, Kumar Nayak"]
[Result "0-1"]
[WhiteElo "1134"]
[BlackElo "2037"]
[PlyCount "56"]
[EventDate "2019.10.01"]
[EventType "swiss"]
[EventRounds "9"]
[EventCountry "IND"]
[SourceTitle "CBM 192 Extra"]
[Source "Chessbase"]
[SourceDate "2019.11.06"]
[SourceVersion "1"]
[SourceVersionDate "2019.11.06"]
[SourceQuality "1"]

1. c4 e5 2. Nc3 Nc6 3. d3 Nf6 4. Nf3 h6 5. e4 Bc5 6. h3 d6 7. a3 a5 8. Be2 Bd7 9. Bd2 Nd4 10. Nxd4 Bxd4 11. Rb1 Qb8 12. Bf3 Qa7 13. Qe2 c6 14. a4 b5 15. cxb5 cxb5 16. axb5 Rb8 17. 0-0 Bxb5 18. Nxb5 Rxb5 19. Rfc1 0-0 20. Bc3 Rfb8 21. Qd2 Bxc3 22. Rxc3 Qb6 23. Ra3 Rb4 24. Kf1 Qd4 25. b3 a4 26. Bd1 Nxe4 27. Qe3 Qxe3 28. fxe3 Nd2+ 0-1